Social plan working papers, section 1: methodology /

Saved in:
Bibliographic Details
Corporate Author: South Australia. Monarto Development Commission. Social Planning Division
Format: Book
Language:English
Published: Unley, S.A. : Monarto Development Commission, 1975.
Subjects:
LEADER 01204nam a2200301 i 4500
001 c000045107
003 CARM
005 00000000000000.0
008 760716s1975 at s00010 eng d
019 1 |a 1640790  |5 LACONCORD2021 
020 |a 0724323465 :  |c unpriced 
035 |a (OCoLC)27552367  |5 LACONCORD2021 
042 |a anuc 
043 |a u-at-sa 
110 1 0 |a South Australia.  |b Monarto Development Commission.  |b Social Planning Division. 
245 1 0 |a Social plan working papers, section 1: methodology /  |c Social Planning Division, Monarto Development Commission. 
260 |a Unley, S.A. :  |b Monarto Development Commission,  |c 1975. 
300 |a 4 leaves ;  |c 30cm. 
500 |a South Australia. Monarto. Social planning. Methodology (ANB/PRECIS SIN 0098787) 
500 |a Cover title. 
500 |a Processed. 
500 |a Limited distribution. 
651 0 |a Monarto (S. Aust.)  |x Social policy. 
740 0 0 |a Methodology. 
852 8 |b CARM  |h A2:AF03C0  |i D00932  |p 0059920  |f BK 
082 0 4 |a 309.262/0994/23/2 
999 f f |i 529b7d27-b365-5691-8d89-24dae5ba0329  |s a70285e9-5b94-5851-a2d7-8487da0ebdf9 
952 f f |p Can circulate  |a CAVAL  |b CAVAL  |c CAVAL  |d CARM 1 Store  |e D00932  |f A2:AF03C0  |h Other scheme  |i book  |m 0059920